Instrucciones para combate inicial de incendios forestales / (Registro nro. 673)

Detalles MARC
000 -CABECERA
Campo de control 00593nam a2200193 a 4500
005 - FECHA Y HORA DE LA ULTIMA TRANSACCION
Campo de control 20191217041555.0
008 - ELEMENTOS DE LONGITUD FIJA—INFORMACION GENERAL
Campo de control 140221b1985 ck a|||| |||| 00| 0 spa d
040 ## - FUENTE DE CATALOGACIÓN
Agencia catalogadora original CO-BoIAVH
Agencia transcriptora CO-BoIAVH
041 0# - IDIOMA
Código de idioma para texto/pista de sonido o título separado Español
044 ## - PAÍS DE PUBLICACIÓN
País de publicación Colombia
090 ## - CLASIFICACIÓN LOCAL
Colección IND-
Consecutivo 75
110 2# - ASIENTO PRINCIPAL--NOMBRE CORPORATIVO
Nombre corporativo o de jurisdicción como elemento de entrada Inderena
9 (RLIN) 12933
245 10 - MENCION DE TITULO
Título Instrucciones para combate inicial de incendios forestales /
260 ## - PUBLICACION, DISTRIBUCION, ETC. (PIE DE IMPRENTA)
Lugar de publicación, distribución, etc. Bogotá :
Nombre del editor, distribuidor, etc. Inderena,
Fecha de publicación, distribución, etc. 1985?
300 ## - DESCRIPCION FISICA
Extensión 6 páginas :
Otros detalles físicos ilustraciones a blanco y negro ;
Dimensiones 24 x 17 cm.
650 26 - ASIENTO SECUNDARIO DE MATERIA - TERMINO TEMATICO
Término temático o nombre geográfico como elemento de entrada Incendios forestales
9 (RLIN) 89281
650 26 - ASIENTO SECUNDARIO DE MATERIA - TERMINO TEMATICO
Término temático o nombre geográfico como elemento de entrada Extinción de incendios
Subdivisión de forma Planes
9 (RLIN) 89282
942 ## - ELEMENTOS ADICIONALES (KOHA)
Tipo de ítem Folleto
Sistema de clasificación Local
Existencias
Withdrawn status Lost status Sistema de Clasificación Damaged status No para préstamo Colección Ubicación Permanente Ubicación actual Fecha de adquisición Fuente de Valor Total Checkouts Número topográfico Inventario / Código de Barras Date last seen Ejemplar Price effective from Forma de adquisición Tipo de material
    Local     Fondo Inderena Bogotá Bogotá 07/02/1998 Inderena   IND-F-75 000955 04/12/2012 Ej. 1 04/12/2012 Donación Folleto